000 01417nam0a2200337 4500
001 RU\NLR\bibl\477902
005 20260407092641.0
021 _aRU
_b2003-25652п
_9997
035 _a(NLR Aleph) 000470868
090 _a992825
_c992825
100 _a20040108d2003 |||y0rusy50 ca
101 0 _arus
_deng
_erus
_eeng
102 _aRU
105 _aac |||||||||
200 1 _aПротеолитические ферменты
_e[По материалам V симпоз. "Химия протеолит. ферментов"]
_fРед.-сост. д.х.н. Л.Д. Румш, к.х.н. Т.В. Ротанова
210 _aМ.
_cНаука
_cМАИК "Наука/Интерпериодика"
_d2003
215 _a558 с.
_cил., портр.
_d28
225 1 _aБиоорганическая химия
_x0132-3423
_vТ. 29, N5
300 _aРез. на англ. яз.
320 _aБиблиогр. в конце ст.
606 1 _aПротеазы
_jСъезды, совещания и т.п
_9975755
_3RU\NLR\AUTH\6647846
686 _aЕ072.534.9П
702 1 _aРумш
_bЛ. Д.
_4220
711 1 2 _a"Химия протеолитических ферментов", симпозиум
_d5
_f2002
_eМосква
_3RU\NLR\AUTH\8810050563
_9601262
801 0 _aRU
_bNLR
_c20040108
_gPSBO
801 1 _aRU
_bNLR
_c20040108
852 _aNLR
_jП8/1130
942 _cBOOK
980 _aNB